<?xml version='1.0' encoding='UTF-8'?>
  <record xmlns="http://www.loc.gov/MARC21/slim">
    <leader>00000cam a22000007i 4500</leader>
    <controlfield tag="001">ocn781881058</controlfield>
    <controlfield tag="003">OCoLC</controlfield>
    <controlfield tag="005">20250626152346.2</controlfield>
    <controlfield tag="008">871203s1895    ne            000 0 dut d</controlfield>
    <datafield tag="040" ind1=" " ind2=" ">
      <subfield code="a">NLGGC</subfield>
      <subfield code="b">dut</subfield>
      <subfield code="e">fobidrtb</subfield>
      <subfield code="c">NLGGC</subfield>
      <subfield code="d">OCLCO</subfield>
      <subfield code="d">OCLCL</subfield>
      <subfield code="d">OCLCQ</subfield>
    </datafield>
    <datafield tag="029" ind1="0" ind2=" ">
      <subfield code="a">NLGGC</subfield>
      <subfield code="b">043132286</subfield>
    </datafield>
    <datafield tag="029" ind1="1" ind2=" ">
      <subfield code="a">NLGGC</subfield>
      <subfield code="b">112676340</subfield>
    </datafield>
    <datafield tag="035" ind1=" " ind2=" ">
      <subfield code="a">(OCoLC)781881058</subfield>
    </datafield>
    <datafield tag="100" ind1="1" ind2=" ">
      <subfield code="a">Horn van den Bos, Hendrik Pieter Maria van der,</subfield>
      <subfield code="d">1848-1913.</subfield>
      <subfield code="1">https://id.oclc.org/worldcat/entity/E39PCjyHHvR43wwCpW6rQvPpvb</subfield>
    </datafield>
    <datafield tag="245" ind1="1" ind2="4">
      <subfield code="a">Het aandeel, dat de scheikundigen in Frankrijk, Engeland, Duitschland en Noord- en Zuid-Nederland hebben gehad in het tot algemeene erkenning brengen van het Systeem van Lavoissier /</subfield>
      <subfield code="c">door H.P.M. van der Horn van den Bos.</subfield>
    </datafield>
    <datafield tag="260" ind1=" " ind2=" ">
      <subfield code="a">Amsterdam :</subfield>
      <subfield code="b">[s.n.],</subfield>
      <subfield code="c">1895.</subfield>
    </datafield>
    <datafield tag="300" ind1=" " ind2=" ">
      <subfield code="a">IX, 295 p. :</subfield>
      <subfield code="b">ill. ;</subfield>
      <subfield code="c">24 cm.</subfield>
    </datafield>
    <datafield tag="336" ind1=" " ind2=" ">
      <subfield code="a">tekst</subfield>
      <subfield code="b">txt</subfield>
      <subfield code="2">rdacontent/dut</subfield>
    </datafield>
    <datafield tag="337" ind1=" " ind2=" ">
      <subfield code="a">zonder medium</subfield>
      <subfield code="b">n</subfield>
      <subfield code="2">rdamedia/dut</subfield>
    </datafield>
    <datafield tag="338" ind1=" " ind2=" ">
      <subfield code="a">band</subfield>
      <subfield code="b">nc</subfield>
      <subfield code="2">rdacarrier/dut</subfield>
    </datafield>
    <datafield tag="530" ind1=" " ind2=" ">
      <subfield code="a">Titel is geselecteerd voor digitalisering voor de Universiteit van Leiden in het kader van het Google Books-project.</subfield>
    </datafield>
    <datafield tag="758" ind1=" " ind2=" ">
      <subfield code="a">Het aandeel, dat de scheikundigen in Frankrijk, Engeland, Duitschland en Noord- en Zuid-Nederland hebben gehad in het tot algemeene erkenning brengen van het Systeem van Lavoissier (Text)</subfield>
      <subfield code="1">https://id.oclc.org/worldcat/entity/E39PCGpqMHh9BtHgqvmp7RGwP3</subfield>
      <subfield code="4">https://id.oclc.org/worldcat/ontology/hasWork</subfield>
    </datafield>
    <datafield tag="776" ind1="0" ind2=" ">
      <subfield code="t">Het aandeel, dat de scheikundigen in Frankrijk, Engeland, Duitschland en Noord- en Zuid-Nederland hebben gehad in het tot algemeene erkenning brengen van het Systeem van Lavoissier</subfield>
      <subfield code="w">(NL-LeOCL)43266727X</subfield>
    </datafield>
    <datafield tag="787" ind1="1" ind2="8">
      <subfield code="i">Overdr. uit:</subfield>
      <subfield code="t">Werken van het Genootschap ter bevordering der natuur-, genees- en heelkunde te Amsterdam; 2e serie, dl. 2</subfield>
    </datafield>
    <datafield tag="936" ind1=" " ind2=" ">
      <subfield code="a">BATCHLOAD</subfield>
    </datafield>
  </record>